|
|
|
|
| LEADER |
01203nam a2200289 a 4500 |
| 001 |
GR-MES10199 |
| 008 |
060530s nyu b 001 0 gre d |
| 020 |
|
|
|a 0415282837
|
| 040 |
|
|
|a GrPaTEI
|b gre
|c GR-PaULI
|
| 040 |
|
|
|a GrPaTEI
|b gre
|c GR-PaULI
|
| 100 |
1 |
|
|a Burchell, Brendan
|
| 245 |
1 |
0 |
|a Systems of production :
|b Markets ,organisations and performance /
|c edited by Brendan Burchell ; Simon Deakin , Jonathan Michie and Jill Rubery.
|
| 260 |
|
|
|a New York :
|b Routledge,
|c 2002
|
| 300 |
|
|
|a xiii , 285σ. ;
|c 24εκ.
|
| 490 |
0 |
|
|a Contemporary political economy series. 8
|
| 504 |
|
|
|a Περιλαμβάνει βιβλιογραφίες και ευρετήριο.
|
| 650 |
|
0 |
|a Industrial organization ( economic theory )
|
| 650 |
|
0 |
|a Industrial relations
|
| 650 |
|
0 |
|a Labor economics
|
| 650 |
|
0 |
|a Organizational effectiveness
|
| 700 |
1 |
|
|a Deakin, Simon
|
| 700 |
1 |
|
|a Michie, Jonathan
|
| 700 |
1 |
|
|a Rubery, Jill
|
| 942 |
|
|
|2 ddc
|
| 952 |
|
|
|0 0
|1 0
|2 ddc
|4 0
|6 338_000000000000000_SYS
|7 0
|9 269766
|a MSLG
|b MSLG
|c BSC
|d 2021-01-17
|e 24
|f 0
|g 0.00
|l 0
|o 338 SYS
|p 2420000020431
|r 2021-01-17 00:00:00
|t 1
|w 2021-01-17
|y BK15
|x 20060530 0 1
|x GrPaTEI
|
| 971 |
|
|
|a .b25762461
|b 15-04-20
|c 13-09-16
|
| 999 |
|
|
|c 155715
|d 155715
|